01017cam a2200265Ia 4500999001500000001000700015003000600022005001700028008004100045035002300086035002000109040002000129049000900149082001700158090002900175100002700204245013900231260003200370300002600402500007300428504004100501630007000542942001500612952012400627 c3755d3755226674GBCCL20241126110502.0980914s1998 flu b 000 0 eng d a(OCoLC)ocm39865559 a(OCoLC)39865559 aSBIcSBIdOCLCQ aLBBK a223.206bZEM aBS1450b119th .Z45, 19981 aZemek, George J.9741514aThe Word of God in the child of God :bexegetical, theological and homiletical reflections from the 119th Psalm /cby George J. Zemek. a[Mango, FL :bs.n.,c1998?] axiv, 431 p. ;c24 cm. aIncludes an appendix of Hebrew diagrammatical analyses (p.388- 431). aIncludes bibliographical references.00aBible.pO.T.pPsalmspCXIXxCriticism, interpretation, etc.97579 2ddccBK01 00102ddc4070aGBCbGBCcBSd2017-12-08l1o223.206 ZEMp007639r2025-05-01 00:00:00s2023-08-25tc.1w2017-12-08yBK